[Event "Saint Louis Cairns Cup (Women) 5th"]
[Site "Saint Louis"]
[Date "2025.06.14"]
[Round "5"]
[White "Harika, Dronavalli"]
[Black "Tan, Zhongyi"]
[Result "1/2-1/2"]
[WhiteElo "2483"]
[BlackElo "2546"]
[PlyCount "34"]
[EventDate "2025.06.10"]
[EventType "tourn"]
[EventRounds "9"]
[EventCountry "USA"]
[EventCategory "10"]
[SourceTitle "CB26_2025"]
[SourceDate "2025.06.25"]
[SourceVersion "1"]
[SourceVersionDate "2025.06.25"]
[SourceQuality "1"]

1. Nf3 d5 2. g3 c5 3. Bg2 Nf6 4. 0-0 Nc6 5. d4 cxd4 6. Nxd4 e5 7. Nxc6 bxc6 8. c4 Be6 9. Qa4 Qd7 10. Nc3 Rc8 11. cxd5 cxd5 12. Qxd7+ Kxd7 13. Rd1 Bc5 14. Na4 Be7 15. Nc3 Bc5 16. Na4 Be7 17. Nc3 Bc5 1/2-1/2

[Event "Wch Blitz (Women)"]
[Site "New York"]
[Date "2024.12.30"]
[Round "4"]
[White "Harika, Dronavalli"]
[Black "Kiolbasa, Oliwia"]
[Result "1/2-1/2"]
[WhiteElo "2489"]
[BlackElo "2371"]
[PlyCount "137"]
[EventDate "2024.12.30"]
[EventType "swiss (blitz)"]
[EventRounds "11"]
[EventCountry "USA"]
[SourceTitle "CB01_2025"]
[SourceDate "2025.01.01"]
[SourceVersion "1"]
[SourceVersionDate "2025.01.01"]
[SourceQuality "1"]

1. Nf3 b6 2. g3 Bb7 3. Bg2 g6 4. 0-0 Bg7 5. c4 Nf6 6. Nc3 0-0 7. Re1 Ne4 8. Nxe4 Bxe4 9. d3 Bb7 10. e4 c5 11. d4 cxd4 12. Nxd4 Nc6 13. Be3 Rc8 14. Rc1 d6 15. b3 Qc7 16. Qd2 Qb8 17. Nb5 Ne5 18. h3 Qa8 19. Nc3 f5 20. Nd5 Rf7 21. f4 Nd7 22. Bf2 e6 23. Nc3 Nc5 24. Bd4 Bxd4+ 25. Qxd4 e5 26. Qd2 Nxe4 27. Nxe4 fxe4 28. fxe5 dxe5 29. Re3 Rcf8 30. Qc3 Qb8 31. Rc2 Qd6 32. Rd2 Qc5 33. Kh2 Rf2 34. b4 Qe7 35. Ree2 e3 36. Qxe3 Rxg2+ 37. Rxg2 Bxg2 38. Rxg2 Qxb4 39. Qxe5 Qxc4 40. h4 Qf7 41. Qd4 Qf6 42. Qd5+ Rf7 43. Qa8+ Kg7 44. Qd5 Re7 45. Qd3 a5 46. Qb5 Qd4 47. Qb3 Re3 48. Qc2 Qe4 49. Qc7+ Qe7 50. Qxb6 a4 51. Qd4+ Qe5 52. Qxa4 Re4 53. Qd7+ Kh6 54. Qd2+ Kg7 55. Qg5 Qxg5 56. hxg5 Rg4 57. a3 Rxg5 58. Ra2 Ra5 59. a4 h5 60. Kg2 Kf6 61. Kf3 g5 62. Ke4 Ke6 63. Kd4 h4 64. gxh4 gxh4 65. Kc4 Kd6 66. Kb4 Rh5 67. a5 Kc7 68. Rh2 Kb7 69. Kc4 1/2-1/2

[Event "Wch Blitz (Women)"]
[Site "New York"]
[Date "2024.12.30"]
[Round "10"]
[White "Harika, Dronavalli"]
[Black "Kulon, Klaudia"]
[Result "1/2-1/2"]
[WhiteElo "2489"]
[BlackElo "2391"]
[PlyCount "137"]
[EventDate "2024.12.30"]
[EventType "swiss (blitz)"]
[EventRounds "11"]
[EventCountry "USA"]
[SourceTitle "CB01_2025"]
[SourceDate "2025.01.01"]
[SourceVersion "1"]
[SourceVersionDate "2025.01.01"]
[SourceQuality "1"]

1. Nf3 Nf6 2. g3 g6 3. Bg2 Bg7 4. 0-0 0-0 5. c4 d6 6. Nc3 Nc6 7. Rb1 e5 8. d3 a5 9. b3 h6 10. h3 Bd7 11. e4 Ne8 12. Nd5 f5 13. Nh4 Kh7 14. exf5 Bxf5 15. Bb2 Be6 16. Be4 Bf5 17. Nxf5 gxf5 18. Bg2 Nf6 19. f4 Nxd5 20. Bxd5 exf4 21. Bxg7 Kxg7 22. Rxf4 Rb8 23. Kh2 Ne5 24. d4 Ng6 25. Rf2 c6 26. Bg2 f4 27. Qg4 Qg5 28. gxf4 Qxg4 29. hxg4 Nxf4 30. Re1 Rf7 31. Bf1 Rbf8 32. Re3 Ng6 33. Rxf7+ Rxf7 34. Bd3 Rf4 35. Bxg6 Kxg6 36. Re6+ Kg5 37. Rxd6 Rxg4 38. Rd7 h5 39. d5 cxd5 40. Rxd5+ Kh4 41. Rxa5 Rd4 42. Rd5 Re4 43. Rd2 Kg4 44. Rg2+ Kh4 45. Rc2 Kg4 46. Kg2 h4 47. Kh2 Re3 48. c5 Kf5 49. b4 Ke6 50. b5 Kd7 51. a4 Ra3 52. Rc4 h3 53. Rh4 Kc7 54. Rh7+ Kc8 55. Rh4 Kc7 56. Rc4 Kd7 57. Kh1 Kc7 58. c6 bxc6 59. Rxc6+ Kb7 60. Ra6 Ra2 61. a5 Rb2 62. Rb6+ Ka7 63. Kg1 Ra2 64. Ra6+ Kb7 65. Kh1 Rb2 66. Rb6+ Ka7 67. Kg1 Ra2 68. Ra6+ Kb7 69. Rb6+ 1/2-1/2

[Event "Wch Blitz (Women)"]
[Site "New York"]
[Date "2024.12.30"]
[Round "8"]
[White "Harika, Dronavalli"]
[Black "Mamedjarova, Turkan"]
[Result "1/2-1/2"]
[WhiteElo "2489"]
[BlackElo "2197"]
[PlyCount "139"]
[EventDate "2024.12.30"]
[EventType "swiss (blitz)"]
[EventRounds "11"]
[EventCountry "USA"]
[SourceTitle "CB01_2025"]
[SourceDate "2025.01.01"]
[SourceVersion "1"]
[SourceVersionDate "2025.01.01"]
[SourceQuality "1"]

1. Nf3 d5 2. e3 Nf6 3. c4 e6 4. Nc3 c5 5. cxd5 exd5 6. d4 Nc6 7. Bb5 h6 8. 0-0 Bd6 9. dxc5 Bxc5 10. Ne5 Qd6 11. Nd3 0-0 12. Na4 Bb4 13. Bxc6 bxc6 14. Nxb4 Qxb4 15. Qd4 Qd6 16. b3 Ng4 17. Qf4 Qg6 18. Bb2 h5 19. Rac1 Re8 20. Qg3 Qh6 21. h3 Nf6 22. Rxc6 Be6 23. Nc5 Rac8 24. Rxc8 Rxc8 25. Nxe6 fxe6 26. Bd4 Ne4 27. Qe5 a6 28. b4 Rc2 29. a4 Qg6 30. b5 axb5 31. axb5 Nd2 32. Qb8+ Kh7 33. Qg3 Qxg3 34. fxg3 Nxf1 35. Kxf1 Rc1+ 36. Kf2 Rb1 37. b6 e5 38. Bxe5 Rxb6 39. Kf3 Kg6 40. Bd4 Rb1 41. g4 hxg4+ 42. Kxg4 Rf1 43. g3 Kf7 44. h4 g6 45. Kg5 Rf5+ 46. Kg4 Ke6 47. Bc5 Re5 48. Bd4 Rf5 49. Kh3 Rf1 50. Kg4 Rf5 51. Kh3 Rf8 52. Kg4 Kf7 53. Kf4 Re8 54. Kg5 Re4 55. g4 Re6 56. Kf4 Re4+ 57. Kg5 Re6 58. h5 gxh5 59. gxh5 Kg8 60. Kf5 Rh6 61. Kg5 Re6 62. Kf5 Re4 63. Kg6 Re6+ 64. Kf5 Re4 65. Kg6 Re6+ 66. Kf5 Re4 67. Kg6 Re6+ 68. Kf5 Re4 69. Kg6 Re6+ 70. Kf5 1/2-1/2

[Event "Wch Blitz (Women)"]
[Site "New York"]
[Date "2024.12.30"]
[Round "9"]
[White "Pourkashiyan, Atousa"]
[Black "Harika, Dronavalli"]
[Result "0-1"]
[WhiteElo "2255"]
[BlackElo "2489"]
[PlyCount "106"]
[EventDate "2024.12.30"]
[EventType "swiss (blitz)"]
[EventRounds "11"]
[EventCountry "USA"]
[SourceTitle "CB01_2025"]
[SourceDate "2025.01.01"]
[SourceVersion "1"]
[SourceVersionDate "2025.01.01"]
[SourceQuality "1"]

1. e4 e6 2. d4 d5 3. Nd2 Nf6 4. e5 Nfd7 5. Bd3 c5 6. c3 Nc6 7. Ne2 cxd4 8. cxd4 f6 9. exf6 Nxf6 10. 0-0 Bd6 11. Nf3 Qc7 12. Be3 0-0 13. h3 Bd7 14. Rc1 Be8 15. Ng5 Qe7 16. f4 h6 17. Nf3 Ne4 18. Ne5 Rc8 19. Bxe4 dxe4 20. Nc3 Bxe5 21. dxe5 Bg6 22. Qd6 Qf7 23. Qa3 a6 24. Qa4 Rfd8 25. Rcd1 Rd3 26. Nxe4 Rxe3 27. Nd6 Qf8 28. Nxc8 Qxc8 29. Qc4 Re4 30. Qb3 Nd4 31. Qa3 Qc6 32. Qd6 Qc4 33. Kh2 Nf5 34. Qb8+ Kh7 35. Qxb7 Re2 36. Qb3 Qxb3 37. axb3 Ne3 38. Rde1 Nxf1+ 39. Rxf1 Rxb2 40. Ra1 Be4 41. Kg1 Rxg2+ 42. Kf1 Rb2 43. Ra4 Bf5 44. b4 Bxh3+ 45. Ke1 Bf5 46. Rxa6 Rxb4 47. Kf2 Rxf4+ 48. Kg3 Re4 49. Ra7 h5 50. Re7 h4+ 51. Kh2 Re2+ 52. Kg1 h3 53. Ra7 h2+ 0-1

[Event "Tata Steel India Blitz (Women)"]
[Site "Kolkata"]
[Date "2024.11.17"]
[Round "13"]
[White "Harika, Dronavalli"]
[Black "Kosteniuk, Alexandra"]
[Result "1/2-1/2"]
[WhiteElo "2493"]
[BlackElo "2487"]
[PlyCount "59"]
[EventDate "2024.11.16"]
[EventType "tourn (blitz)"]
[EventRounds "18"]
[EventCountry "IND"]
[EventCategory "10"]
[SourceTitle "CB47_2024"]
[SourceDate "2024.11.20"]
[SourceVersion "1"]
[SourceVersionDate "2024.11.20"]
[SourceQuality "1"]

1. Nf3 d5 2. d4 Nf6 3. g3 g6 4. Bg2 Bg7 5. 0-0 0-0 6. c4 c6 7. b3 Bf5 8. Bb2 Nbd7 9. Nbd2 Re8 10. Nh4 Be6 11. Qc2 Rc8 12. e4 dxe4 13. Nxe4 Nxe4 14. Bxe4 Bh3 15. Rfe1 Nf6 16. Bh1 Qd7 17. Rad1 Bg4 18. Nf3 Qf5 19. Qxf5 Bxf5 20. Ne5 Rcd8 21. Bf3 Nd7 22. Nxd7 Rxd7 23. g4 Be6 24. d5 Bxb2 25. dxe6 Rd4 26. Rxd4 Bxd4 27. Kg2 Rd8 28. exf7+ Kxf7 29. Rd1 Bb6 30. Rxd8 1/2-1/2

[Event "Tata Steel India Blitz (Women)"]
[Site "Kolkata"]
[Date "2024.11.17"]
[Round "17"]
[White "Harika, Dronavalli"]
[Black "Lagno, Kateryna"]
[Result "1/2-1/2"]
[WhiteElo "2493"]
[BlackElo "2527"]
[PlyCount "104"]
[EventDate "2024.11.16"]
[EventType "tourn (blitz)"]
[EventRounds "18"]
[EventCountry "IND"]
[EventCategory "10"]
[SourceTitle "CB47_2024"]
[SourceDate "2024.11.20"]
[SourceVersion "1"]
[SourceVersionDate "2024.11.20"]
[SourceQuality "1"]

1. Nf3 d5 2. g3 Nf6 3. Bg2 e6 4. 0-0 Be7 5. d3 0-0 6. c4 h6 7. b3 c5 8. cxd5 Nxd5 9. Bb2 Bf6 10. Qc1 Nc6 11. Nc3 Nxc3 12. Bxc3 b6 13. Bxf6 Qxf6 14. d4 Bb7 15. dxc5 Nd4 16. Nxd4 Bxg2 17. Kxg2 Qxd4 18. cxb6 axb6 19. Qc4 Qxc4 20. bxc4 Rfc8 21. Rfb1 Rxc4 22. Rxb6 Rca4 23. Rb2 g5 24. Rd2 Kg7 25. Kf1 Kg6 26. Ke1 h5 27. h3 h4 28. g4 f5 29. gxf5+ exf5 30. f3 g4 31. hxg4 fxg4 32. Kf2 gxf3 33. exf3 Ra3 34. Kg2 h3+ 35. Kg3 Rf8 36. Rf2 h2 37. Rh1 Kf5 38. Kg2 Rfa8 39. Ra1 Rh8 40. Kh1 Kf4 41. Rb1 Rha8 42. Rb4+ Kf5 43. Rb5+ Kf4 44. Rb4+ Kf5 45. Rbb2 Kf4 46. Kxh2 Rxf3 47. Kg2 Rxf2+ 48. Kxf2 Ke4 49. Ke2 Kd4 50. Kd2 Kc4 51. Kc2 Ra4 52. Kb1 Rb4 1/2-1/2

[Event "Tata Steel India Blitz (Women)"]
[Site "Kolkata"]
[Date "2024.11.16"]
[Round "1"]
[White "Harika, Dronavalli"]
[Black "Gunina, Valentina"]
[Result "0-1"]
[WhiteElo "2493"]
[BlackElo "2425"]
[PlyCount "94"]
[EventDate "2024.11.16"]
[EventType "tourn (blitz)"]
[EventRounds "18"]
[EventCountry "IND"]
[EventCategory "10"]
[SourceTitle "CB47_2024"]
[SourceDate "2024.11.20"]
[SourceVersion "1"]
[SourceVersionDate "2024.11.20"]
[SourceQuality "1"]

1. b3 d5 2. Bb2 Bf5 3. d3 Nf6 4. Nd2 e6 5. g3 h6 6. Bg2 Be7 7. e4 Bh7 8. Nh3 0-0 9. 0-0 c5 10. Nf4 Nc6 11. e5 Nd7 12. Re1 Qc7 13. Nf3 d4 14. Qe2 g5 15. Nh5 Bg6 16. g4 Bxh5 17. gxh5 g4 18. Nd2 Ncxe5 19. Nc4 Bf6 20. Bc1 Bg7 21. Bf4 Nf3+ 22. Qxf3 gxf3 23. Bxc7 fxg2 24. Kxg2 Nf6 25. Bd6 Rfc8 26. Kf3 Nxh5 27. Rg1 Kh7 28. Rg4 Nf6 29. Rg2 Nd7 30. Rag1 Rg8 31. Be7 Rae8 32. Bd6 b5 33. Nd2 f5 34. Ke2 Be5 35. Bxe5 Nxe5 36. Nf3 Rxg2 37. Rxg2 Ng6 38. Rg1 e5 39. a4 b4 40. Nd2 e4 41. Nc4 Nf4+ 42. Kd2 exd3 43. cxd3 Re2+ 44. Kc1 Nxd3+ 45. Kb1 Nxf2 46. Nd6 d3 47. Nxf5 d2 0-1

[Event "Tata Steel India Rapid (Women)"]
[Site "Kolkata"]
[Date "2024.11.14"]
[Round "6"]
[White "Harika, Dronavalli"]
[Black "Gunina, Valentina"]
[Result "1/2-1/2"]
[WhiteElo "2493"]
[BlackElo "2425"]
[PlyCount "128"]
[EventDate "2024.11.13"]
[EventType "tourn (rapid)"]
[EventRounds "9"]
[EventCountry "IND"]
[EventCategory "10"]
[SourceTitle "CB47_2024"]
[SourceDate "2024.11.20"]
[SourceVersion "1"]
[SourceVersionDate "2024.11.20"]
[SourceQuality "1"]

1. c4 c6 2. Nf3 d5 3. e3 Bg4 4. h3 Bxf3 5. Qxf3 Nf6 6. Nc3 e6 7. d4 Nbd7 8. Qd1 Bd6 9. Be2 0-0 10. 0-0 Qe7 11. Bd2 dxc4 12. Bxc4 c5 13. dxc5 Bxc5 14. Qe2 Rfd8 15. Rfd1 Ne5 16. Be1 Nxc4 17. Qxc4 Rac8 18. Rxd8+ Rxd8 19. Rc1 Bb4 20. a3 Bxc3 21. Bxc3 Nd5 22. Be5 f6 23. Bd4 b6 24. e4 Nf4 25. Be3 Ng6 26. Qc2 Nf8 27. Qc7 Qxc7 28. Rxc7 Rd1+ 29. Kh2 Rd7 30. Rc8 Kf7 31. a4 e5 32. b4 Ne6 33. a5 Nd4 34. axb6 axb6 35. Rb8 Nc2 36. Bxb6 Nxb4 37. Be3 Nc2 38. Rb3 h5 39. Rc3 Nxe3 40. Rxe3 h4 41. g3 hxg3+ 42. Kxg3 Kg6 43. f4 Kh5 44. fxe5 fxe5 45. Rc3 Rd4 46. Kf3 Kg5 47. Rc5 Rd3+ 48. Ke2 Rxh3 49. Rxe5+ Kf4 50. Re7 g5 51. Rf7+ Kxe4 52. Kf2 Ra3 53. Kg2 Rd3 54. Rf8 Rd1 55. Rf7 Ke5 56. Rf8 Ke6 57. Kh2 Ra1 58. Kg2 Ke5 59. Rf7 Ke4 60. Rf8 Ke3 61. Rf5 g4 62. Rf8 Ke4 63. Kg3 Rg1+ 64. Kh2 Ra1 1/2-1/2

[Event "Tata Steel India Rapid (Women)"]
[Site "Kolkata"]
[Date "2024.11.13"]
[Round "2"]
[White "Harika, Dronavalli"]
[Black "Koneru, Humpy"]
[Result "1/2-1/2"]
[WhiteElo "2493"]
[BlackElo "2530"]
[PlyCount "64"]
[EventDate "2024.11.13"]
[EventType "tourn (rapid)"]
[EventRounds "9"]
[EventCountry "IND"]
[EventCategory "10"]
[SourceTitle "CB47_2024"]
[SourceDate "2024.11.20"]
[SourceVersion "1"]
[SourceVersionDate "2024.11.20"]
[SourceQuality "1"]

1. e4 e5 2. Nf3 Nc6 3. Bb5 a6 4. Ba4 Bc5 5. c3 Nge7 6. d4 exd4 7. cxd4 Bb4+ 8. Bd2 Bxd2+ 9. Qxd2 d5 10. exd5 Qxd5 11. Nc3 Qe6+ 12. Qe3 0-0 13. 0-0 Qd6 14. Rad1 Nb4 15. Ne5 Bf5 16. Qf3 c6 17. Bb3 Nbd5 18. Rfe1 Rad8 19. Nc4 Qc7 20. Nxd5 cxd5 21. Ne3 Be4 22. Qg3 Qb6 23. f3 Bg6 24. Qf2 f6 25. Qd2 Bf7 26. Rc1 Rc8 27. Ba4 Qd6 28. a3 Qf4 29. Rcd1 Qd6 30. Rc1 Qf4 31. Rcd1 Qd6 32. Rc1 Qf4 1/2-1/2

[Event "Chennai-B"]
[Site "Chennai"]
[Date "2024.11.06"]
[Round "2"]
[White "Mendonca, Leon Luke"]
[Black "Harika, Dronavalli"]
[Result "1-0"]
[WhiteElo "2631"]
[BlackElo "2493"]
[PlyCount "87"]
[EventDate "2024.11.05"]
[EventType "tourn"]
[EventRounds "7"]
[EventCountry "IND"]
[EventCategory "14"]
[SourceTitle "CB45_2024"]
[Source "ChessBase"]
[SourceDate "2024.11.06"]
[SourceVersion "1"]
[SourceVersionDate "2024.11.06"]
[SourceQuality "1"]

1. e4 e6 2. d4 d5 3. e5 c5 4. c3 Nc6 5. Nf3 Qb6 6. a3 c4 7. Nbd2 Na5 8. Rb1 Bd7 9. h4 0-0-0 10. b3 cxb3 11. Nxb3 Ba4 12. Nfd2 Kb8 13. Qc2 Rc8 14. Qb2 Nxb3 15. Nxb3 Qxb3 16. Qxb3 Bxb3 17. Rxb3 Ne7 18. h5 Nc6 19. Rb1 Be7 20. Rh3 Bd8 21. Rf3 f5 22. exf6 Bxf6 23. h6 e5 24. Ba6 Na5 25. hxg7 Bxg7 26. Rb5 Rhe8 27. Kd1 Re7 28. Rxa5 bxa6 29. Rxd5 exd4 30. cxd4 Rb7 31. Bf4+ Ka8 32. Rd3 Rb2 33. Be3 Rb1+ 34. Ke2 Rb2+ 35. Rd2 Rb3 36. Rd7 Bf8 37. d5 Bxa3 38. d6 Bb4 39. Rd1 Bc5 40. Bxc5 Rxc5 41. Rd8+ Kb7 42. d7 Rb2+ 43. Kf1 Rh5 44. Rb8+ 1-0

[Event "London TechM GCL"]
[Site "London"]
[Date "2024.10.11"]
[Round "10.5"]
[White "Harika, Dronavalli"]
[Black "Salimova, Nurgyul"]
[Result "1/2-1/2"]
[WhiteElo "2493"]
[BlackElo "2405"]
[PlyCount "79"]
[EventDate "2024.10.03"]
[EventType "team-tourn (rapid)"]
[EventRounds "10"]
[EventCountry "ENG"]
[SourceTitle "CB42_2024"]
[Source "ChessBase"]
[SourceDate "2024.10.16"]
[SourceVersion "1"]
[SourceVersionDate "2024.10.16"]
[SourceQuality "1"]
[WhiteTeam "Mumba Masters"]
[BlackTeam "Ganges Grandmasters"]
[WhiteTeamCountry "IND"]
[BlackTeamCountry "IND"]

1. Nf3 d5 2. d4 Nf6 3. c4 c6 4. Nc3 e6 5. e3 Nbd7 6. Bd3 Bd6 7. e4 dxe4 8. Nxe4 Nxe4 9. Bxe4 Nf6 10. Bc2 0-0 11. 0-0 h6 12. b3 b5 13. c5 Bc7 14. Re1 Qd5 15. Ne5 Rd8 16. Bb2 Bxe5 17. Rxe5 Qxe5 18. dxe5 Rxd1+ 19. Rxd1 Nd5 20. Be4 a5 21. a3 b4 22. axb4 axb4 23. Ra1 Rxa1+ 24. Bxa1 Ba6 25. Bxd5 exd5 26. Bd4 Bd3 27. Be3 Bc2 28. Bd2 Bxb3 29. Bxb4 g5 30. Bc3 Kh7 31. f3 Kg6 32. g4 h5 33. Kf2 hxg4 34. fxg4 Bd1 35. Kg3 Bc2 36. Bd4 Bd3 37. Bc3 Bc2 38. Bd4 Bd3 39. Bc3 Bc2 40. Bd4 1/2-1/2